000 00309nam a22001337a 4500
008 170411b xxu||||| |||| 00| 0 eng d
020 _a0443075417
041 _aeng
080 _23ED
_a616
100 _a9
101 _aSHM
245 _aSURGICAL PATHOLOGY CYTOPATHOLOGY
_cSILVERBERG.S.G
942 _2udc
_cBK
999 _c10295
_d10295